| 000 | 00584nam a2200181 i 4500 | ||
|---|---|---|---|
| 001 | 151877 | ||
| 003 | ES-MaACL | ||
| 005 | 20230906204427.0 | ||
| 008 | 051007s1894 sp | |||||||| ||spa d | ||
| 040 |
_aCAM _bspa _cCAM |
||
| 080 | _a821.134.2-14"18" | ||
| 100 | 1 |
_aBenot, Eduardo. _927763 |
|
| 245 | 1 | 0 |
_aPatria / _cpor Eduardo Benot. |
| 250 | _a2ª ed. | ||
| 260 |
_aMadrid : _b[s.n.], _c1894 ( _fEstablecimiento tipográfico de Fortanet) |
||
| 300 |
_a42 p. ; _c20 cm. |
||
| 852 |
_aES-MaACL _jT-932-F-2 _z-- Enc. hol., conservando la cub. original _z-- Enc. en un vol. facticio |
||
| 999 |
_c151877 _d151877 |
||